| 000 | 00598nam a2200217 a 4500 | ||
|---|---|---|---|
| 001 | 86489 | ||
| 003 | BD-RjUL | ||
| 005 | 20260517125641.0 | ||
| 008 | 260517s1996 fr ||||| |||| 00| 0 eng d | ||
| 035 | _a(BD-RjUL)86489 | ||
| 040 |
_aBD-RjUL _beng _cBD-RjUL |
||
| 041 | _aeng | ||
| 082 |
_223 _a843.7 _bBAP 1896 |
||
| 100 |
_aBalzac, Honoré de _918495 |
||
| 245 |
_aThe Petty Bourgeois / _cby Honoré de Balzac |
||
| 260 |
_aLondon : _bThe Caxton Publishing Company, _c1896 |
||
| 300 |
_av.: _bill.; _c21 cm. |
||
| 504 | 0 | 1 | _aVol. 1-- Vol.2-- |
| 650 |
_aFrench fiction _918499 |
||
| 942 |
_2ddc _cBK |
||
| 999 |
_c86489 _d86489 |
||